Mets Opening Day Lineup 2021 - Statistics

General Stats
  • This quiz has been taken 240 times
  • The average score is 7 of 9
Answer Stats
Position Player % Correct
SS Francisco Lindor
97%
1B Pete Alonso
97%
P Jacob DeGrom
96%
2B Jeff McNeil
93%
LF Brandon Nimmo
90%
C James McCann
77%
RF Michael Conforto
75%
3B J.D Davis
74%
CF Kevin Pillar
45%
No matching quizzes found
Score Distribution
Percent of People with Each Score
Percentile by Number Answered
Your Score History
You have not taken this quiz